United states supreme court reports 156 (Record no. 619686)

MARC details
000 -LEADER
fixed length control field 00440nam a22001697a 4500
008 - FIXED-LENGTH DATA ELEMENTS--GENERAL INFORMATION
fixed length control field 260424b |||||||| |||| 00| 0 eng d
020 ## - INTERNATIONAL STANDARD BOOK NUMBER
Paper back/Hardbound hbk
082 ## - DEWEY DECIMAL CLASSIFICATION NUMBER
Classification number 348.7346 UNI.156
245 ## - TITLE STATEMENT
Title United states supreme court reports 156
250 ## - EDITION STATEMENT
Edition statement Lawyers
260 ## - PUBLICATION, DISTRIBUTION, ETC. (IMPRINT)
Place of publication charlottesville:
Name of publisher Lexis Nexis,
Year of publication 2002.
300 ## - PHYSICAL DESCRIPTION
Number of Pages xxxix,868p.
Dimensions ;24cm
490 ## - SERIES STATEMENT
Volume number/sequential designation vol.539 US
650 ## - SUBJECT ADDED ENTRY--TOPICAL TERM
Topical Term no reports
942 ## - ADDED ENTRY ELEMENTS (KOHA)
Koha item type English Books
Holdings
Withdrawn status Lost status Damaged status Not for loan Home library Current library Shelving location Date acquired Full call number Price effective from Koha item type Accession Number
        Anna Centenary Library Anna Centenary Library 4TH FLOOR, A WING 24.04.2026 348.7346 UNI.156 24.04.2026 English Books  
        Anna Centenary Library Anna Centenary Library 4TH FLOOR, A WING 24.04.2026 348.7346 UNI.156 24.04.2026 English Books 478626

Find us on the map